00193nam a2200085Ia 4500008004100000041000800041100001500049245003400064260000900098230508s1997 xx 000 0 und d aeng aSEDHA R.S. aA T.B. OF APPLIED ELECTRONICS c1997